| 000 | 00649cam a2200205 i 4500 | ||
|---|---|---|---|
| 001 | 863213 | ||
| 005 | 20241031165155.0 | ||
| 008 | 790126s1979 nyu b 001 0 eng | ||
| 020 | _a9780231047579 (Paperback) | ||
| 050 | 0 | 0 |
_aJX1395 _b.H45 1979 |
| 082 | 0 | 0 | _a341 |
| 100 | 1 | _aHenkin, Louis. | |
| 245 | 1 | 0 |
_aHow nations behave : _blaw and foreign policy / _cLouis Henkin. |
| 250 | _a2nd ed. | ||
| 260 |
_aNew York : _bPublished for the Council on Foreign Relations by Columbia University Press, _c1979. |
||
| 300 |
_axv, 400 p. ; _c21 cm. _bIndex |
||
| 650 | 0 | _aInternational law. | |
| 650 | 0 | _aInternational relations. | |
| 942 |
_2lcc _cBK _e2nd Ed. _n0 |
||
| 999 |
_c487 _d487 |
||